000 00611nam a2200169 i 4500
001 104747
003 ES-MaACL
005 20230906183658.0
007 t|
008 051212s1951 cu ||||1| spa d
100 1 _aMiranda y de la Rua, Luis Rodolfo.
_981559
245 1 0 _aCalixto García Iñiguez, estratega /
_ctrabajo leído por el ... Comandante Luis Rodolfo Miranda y de la Rúa.
260 _aLa Habana :
_b[s.n.],
_c1951 (
_fImp. El Siglo XX)
300 _a1 lám. ret. biog., 41 p. ;
_c24 cm.
500 _aPrecede al tít.: Academia de la Histora de Cuba.
852 _aES-MaACL
_j1908-F-27
_bR.31042
999 _c104747
_d104747